| 000 | 00392nam a22001457a 4500 | ||
|---|---|---|---|
| 020 | _a9788174091203 | ||
| 082 |
_a628.01 _bGAR/WA |
||
| 100 |
_aGarg, Santhosh Kumar _9169 |
||
| 245 | _aWater Supply Engineering | ||
| 260 |
_aNew Delhi _bKhanna Publishers _c2013 |
||
| 300 | _a1048 | ||
| 490 | _aEnvironmental Engineering (Vol. 1) | ||
| 650 |
_aWater supply Engineering _9171 |
||
| 942 | _cBK | ||
| 999 |
_c14142 _d14142 |
||